[Event "TUN-chTB"]
[Site "Hammamet"]
[Date "2019.02.10"]
[Round "2.2"]
[White "Chamam, Nazih"]
[Black "Zaghouani, Adel"]
[Result "1-0"]
[WhiteElo "2019"]
[BlackElo "1729"]
[PlyCount "61"]
[EventDate "2019.02.09"]
[EventType "team-tourn"]
[EventRounds "11"]
[EventCountry "TUN"]
[SourceTitle "EXT 2021"]
[Source "ChessBase"]
[SourceDate "2020.10.23"]
[SourceVersion "1"]
[SourceVersionDate "2020.10.23"]
[SourceQuality "1"]

1. d4 Nf6 2. Bg5 d5 3. Bxf6 gxf6 4. e3 h5 5. c4 dxc4 6. Bxc4 Be6 7. Bxe6 fxe6 8. Nc3 Qd6 9. Qd3 Kf7 10. Nge2 a6 11. Nf4 Rh6 12. h4 Nc6 13. 0-0-0 Rd8 14. Ne4 Qb4 15. Nc5 f5 16. Rh3 Ne5 17. Qc2 Ng4 18. Ncxe6 Rd6 19. Qxf5+ Nf6 20. Kb1 c6 21. Nd3 Qb6 22. Ne5+ Ke8 23. Rf3 Rd5 24. Nxf8 Kxf8 25. Qe6 Rh7 26. Qxd5 Qxb2+ 27. Kxb2 cxd5 28. Nd7+ Kg7 29. Nxf6 exf6 30. Rf5 Kg6 31. Rxd5 1-0

[Event "TUN-ch rapid"]
[Site "Sousse"]
[Date "2018.11.25"]
[Round "5"]
[White "Bouzidi, Ahmed"]
[Black "Chamam, Nazih"]
[Result "0-1"]
[WhiteElo "2186"]
[BlackElo "2025"]
[PlyCount "71"]
[EventDate "2018.11.24"]
[EventType "swiss (rapid)"]
[EventRounds "9"]
[EventCountry "TUN"]
[SourceTitle "CBM 187 Extra"]
[Source "ChessBase"]
[SourceDate "2018.11.04"]
[SourceVersion "1"]
[SourceVersionDate "2018.11.04"]
[SourceQuality "1"]

1. e4 c6 2. d4 d5 3. Nc3 dxe4 4. Nxe4 Nd7 5. Qe2 e6 6. Nf3 Ngf6 7. Bg5 Be7 8. 0-0-0 0-0 9. Kb1 b6 10. h4 Bb7 11. Ne5 Rc8 12. Nxd7 Qxd7 13. Nxf6+ Bxf6 14. Bxf6 gxf6 15. Rh3 Kh8 16. Qh5 Rg8 17. Bd3 f5 18. Qe2 Qc7 19. f3 Rcd8 20. c3 Rg3 21. Rxg3 Qxg3 22. h5 h6 23. Qe3 Kh7 24. Bxf5+ exf5 25. Qe7 Rb8 26. Qxf7+ Kh8 27. Qxf5 Rg8 28. Qe6 Kh7 29. Re1 Bc8 30. Qe7+ Qg7 31. Qd6 Bf5+ 32. Ka1 Qxg2 33. Qf6 Bc2 34. b3 Qg5 35. Qxc6 Rg7 36. Re5 0-1

[Event "Tunis Ramadan Cup"]
[Site "Tunis"]
[Date "2018.06.10"]
[Round "2"]
[White "Chamam, Nazih"]
[Black "Ben Brahem, Aymen"]
[Result "1-0"]
[WhiteElo "2114"]
[BlackElo "1690"]
[PlyCount "71"]
[EventDate "2018.06.10"]
[EventType "swiss"]
[EventRounds "9"]
[EventCountry "TUN"]
[SourceTitle "CBM 185 Extra"]
[Source "ChessBase"]
[SourceDate "2018.07.29"]
[SourceVersion "1"]
[SourceVersionDate "2018.07.29"]
[SourceQuality "1"]

1. d4 g6 2. e4 Bg7 3. Nc3 d6 4. Nf3 Nf6 5. Bc4 0-0 6. 0-0 Nbd7 7. h3 e5 8. Be3 exd4 9. Bxd4 Re8 10. Re1 Ne5 11. Bxe5 dxe5 12. Qxd8 Rxd8 13. Nxe5 Be6 14. Bxe6 fxe6 15. Nf3 Kf8 16. Rad1 Ke7 17. Kf1 a6 18. Nd2 b5 19. f3 Nh5 20. Nb3 b4 21. Na4 Be5 22. Na5 Kf6 23. Nc6 Bd4 24. Rxd4 Rxd4 25. Nxd4 Rd8 26. c3 e5 27. Nb3 bxc3 28. Nxc3 a5 29. Nd5+ Kf7 30. Nxa5 Ra8 31. b4 c6 32. Ne3 c5 33. a3 Rb8 34. Nd5 c4 35. Nxc4 Rc8 36. Nd6+ 1-0

[Event "TUN-ch"]
[Site "Hammamet"]
[Date "2016.12.10"]
[Round "9"]
[White "Chamam, Nazih"]
[Black "Jmila, Omar"]
[Result "0-1"]
[WhiteElo "2027"]
[BlackElo "2082"]
[PlyCount "80"]
[EventDate "2016.12.05"]
[EventType "swiss"]
[EventRounds "9"]
[EventCountry "TUN"]
[SourceTitle "CBM 176 Extra"]
[Source "ChessBase"]
[SourceDate "2017.03.02"]
[SourceVersion "1"]
[SourceVersionDate "2017.03.02"]
[SourceQuality "1"]

1. e4 e5 2. Nf3 Nc6 3. Bb5 a6 4. Ba4 Nf6 5. 0-0 Be7 6. d3 b5 7. Bb3 d6 8. h3 Na5 9. Nc3 0-0 10. Ne2 Re8 11. Ng3 h6 12. Re1 c5 13. Nh2 Bf8 14. Nh5 Nxb3 15. axb3 Nh7 16. Ng4 Qh4 17. Kh2 Qxh5 18. Nxh6+ Qxh6 19. Bxh6 gxh6 20. Re3 Re6 21. Qh5 Rg6 22. Rg3 Kg7 23. Rf1 Nf6 24. Qe2 Bd7 25. Re3 Be7 26. g3 Rg8 27. Qd2 Bc8 28. b4 Kh7 29. bxc5 dxc5 30. Qa5 Bd8 31. Qc3 Nd7 32. f4 exf4 33. Rxf4 Bc7 34. Rff3 Ne5 35. Rf2 c4 36. d4 Nd7 37. Rff3 R8g7 38. Qe1 Nb6 39. c3 Be6 40. Qf2 Bd7 0-1

[Event "TUN-ch"]
[Site "Hammamet"]
[Date "2016.12.09"]
[Round "7"]
[White "Chamam, Nazih"]
[Black "Hmam, Mohamed"]
[Result "1-0"]
[WhiteElo "2027"]
[BlackElo "2061"]
[PlyCount "91"]
[EventDate "2016.12.05"]
[EventType "swiss"]
[EventRounds "9"]
[EventCountry "TUN"]
[SourceTitle "CBM 176 Extra"]
[Source "ChessBase"]
[SourceDate "2017.03.02"]
[SourceVersion "1"]
[SourceVersionDate "2017.03.02"]
[SourceQuality "1"]

1. d4 Nf6 2. Bg5 e6 3. e3 Be7 4. Bd3 h6 5. Bh4 d5 6. Nd2 c5 7. c3 a6 8. f4 Nbd7 9. Ngf3 b5 10. Ne5 Bb7 11. 0-0 Rc8 12. Bxf6 Nxf6 13. Qf3 0-0 14. Qh3 Ne4 15. Ndf3 Qe8 16. Ng4 f5 17. Nge5 Rc7 18. g4 fxg4 19. Qxg4 Rf5 20. Ng6 Bf6 21. Nfe5 Kh7 22. Rf3 cxd4 23. cxd4 Qc8 24. Rff1 b4 25. Rae1 a5 26. Bxe4 dxe4 27. Rf2 Ba6 28. b3 Rc1 29. Rxc1 Qxc1+ 30. Kg2 Qxe3 31. Nf8+ Kg8 32. Nxe6 Bxe5 33. Qxf5 Bf6 34. Qd5 Kh7 35. Nf8+ Kh8 36. Ng6+ Kh7 37. Nf8+ Kh8 38. Qf5 Kg8 39. Ng6 Qxd4 40. Qe6+ Kh7 41. Nf8+ Kh8 42. Ng6+ Kh7 43. Nf8+ Kh8 44. Qxa6 e3 45. Qa8 Qd1 46. Nd7+ 1-0

[Event "TUN-ch"]
[Site "Hammamet"]
[Date "2016.12.07"]
[Round "5"]
[White "Chamam, Nazih"]
[Black "Nouali, Mohamed"]
[Result "0-1"]
[WhiteElo "2027"]
[BlackElo "2044"]
[PlyCount "66"]
[EventDate "2016.12.05"]
[EventType "swiss"]
[EventRounds "9"]
[EventCountry "TUN"]
[SourceTitle "CBM 176 Extra"]
[Source "ChessBase"]
[SourceDate "2017.03.02"]
[SourceVersion "1"]
[SourceVersionDate "2017.03.02"]
[SourceQuality "1"]

1. d4 Nf6 2. Bg5 c5 3. d5 Qb6 4. Nc3 Qxb2 5. Bd2 Qb6 6. e4 d6 7. f4 e6 8. Bc4 exd5 9. exd5 Be7 10. Nf3 0-0 11. 0-0 Bg4 12. Rb1 Qc7 13. h3 Bxf3 14. Qxf3 Nbd7 15. Nd1 Rfe8 16. Ne3 Bf8 17. Rfd1 Ne4 18. Be1 g6 19. Bd3 f5 20. c4 Bg7 21. Rb3 Bd4 22. Bb1 Nb6 23. Ba5 Qe7 24. Bxb6 axb6 25. Kh2 Nc3 26. Rxd4 cxd4 27. Nxf5 gxf5 28. Bxf5 Rxa2 29. Be6+ Kh8 30. Rxb6 Qh4 31. Rxb7 Rf2 32. Qd3 Qxf4+ 33. Kg1 Ne2+ 0-1

[Event "TUN-chB"]
[Site "Hammamet "]
[Date "2015.06.15"]
[Round "4"]
[White "Karoui, Seif Eddine"]
[Black "Chamam, Nazih"]
[Result "1-0"]
[WhiteElo "2048"]
[BlackElo "2005"]
[PlyCount "67"]
[EventDate "2015.06.13"]
[EventType "swiss"]
[EventRounds "9"]
[EventCountry "TUN"]
[SourceTitle "EXT 2018"]
[Source "ChessBase"]
[SourceDate "2017.10.13"]
[SourceVersion "1"]
[SourceVersionDate "2017.10.13"]
[SourceQuality "1"]

1. d4 Nf6 2. c4 g6 3. Nf3 Bg7 4. Nc3 d5 5. Bf4 0-0 6. e3 c5 7. dxc5 Qa5 8. Qa4 Qxc5 9. b4 Qc6 10. b5 Ne4 11. Nxe4 Qe8 12. Be5 dxe4 13. Bxg7 Kxg7 14. Ng5 f5 15. Be2 b6 16. h4 h6 17. Nh3 e5 18. Qc2 Nd7 19. a4 Nc5 20. a5 Be6 21. Qc3 Nd7 22. Nf4 Kh7 23. Nxe6 Qxe6 24. 0-0 Nc5 25. Rfd1 Rad8 26. axb6 Rxd1+ 27. Rxd1 Rf7 28. bxa7 Rxa7 29. Qb4 Qe7 30. Rd5 Ra1+ 31. Bf1 Qxh4 32. Qxc5 g5 33. Qe7+ Kg6 34. Qe8+ 1-0

[Event "TUN-chB"]
[Site "Hammamet "]
[Date "2015.06.14"]
[Round "3"]
[White "Chamam, Nazih"]
[Black "Hergli, Amir"]
[Result "1-0"]
[WhiteElo "2005"]
[BlackElo "2094"]
[PlyCount "115"]
[EventDate "2015.06.13"]
[EventType "swiss"]
[EventRounds "9"]
[EventCountry "TUN"]
[SourceTitle "EXT 2018"]
[Source "ChessBase"]
[SourceDate "2017.10.13"]
[SourceVersion "1"]
[SourceVersionDate "2017.10.13"]
[SourceQuality "1"]

1. d4 c6 2. c4 d5 3. cxd5 cxd5 4. Nc3 Nc6 5. Nf3 Nf6 6. Bf4 Bf5 7. e3 e6 8. Bb5 Bb4 9. Qa4 0-0 10. 0-0 Qa5 11. a3 Bxc3 12. bxc3 Qxa4 13. Bxa4 Na5 14. Nd2 Rfc8 15. Rac1 Nc4 16. Nxc4 Rxc4 17. Bb5 Rcc8 18. f3 a6 19. Be2 Rc6 20. c4 dxc4 21. e4 Bg6 22. Bxc4 Rac8 23. Bb3 Kf8 24. Rxc6 Rxc6 25. Rc1 Rxc1+ 26. Bxc1 Ne8 27. a4 Ke7 28. g4 f6 29. Kf2 Bf7 30. h4 b5 31. Ba3+ Kd7 32. Bf8 g6 33. Ke3 Nd6 34. axb5 axb5 35. Bg7 Ke7 36. g5 fxg5 37. hxg5 Nc4+ 38. Kd3 e5 39. d5 Na5 40. Bd1 Nc4 41. Kc3 Be8 42. Be2 Kd6 43. Bxc4 bxc4 44. Kxc4 Ba4 45. f4 exf4 46. e5+ Kd7 47. e6+ Kd6 48. Kd4 f3 49. Be5+ Ke7 50. Bg3 Bb3 51. Ke5 Ba4 52. d6+ Ke8 53. Kf6 Bb3 54. Bf2 Ba4 55. Bb6 Bc6 56. Kg7 Bd7 57. exd7+ Kxd7 58. Kxh7 1-0